Europas huvudstäder - Statistics

General Stats
  • This quiz has been taken 2 632 times
  • The average score is 30 of 45
Answer Stats
Land Huvudstad % Correct
Norge Oslo
93%
Frankrike Paris
93%
Italien Rom
92%
Sverige Stockholm
92%
Danmark Köpenhamn
88%
Finland Helsingfors
87%
Storbritannien London
87%
Tyskland Berlin
86%
Spanien Madrid
86%
Grekland Aten
85%
Irland Dublin
84%
Nederländerna Amsterdam
81%
Bulgarien Sofia
81%
Ryssland Moskva
79%
Lettland Riga
78%
Luxemburg Luxemburg
77%
Schweiz Bern
75%
Portugal Lissabon
74%
Belgien Bryssel
73%
Ukraina Kiev
73%
Monaco Monaco
73%
Tjeckien Prag
72%
Estland Tallinn
72%
Österrike Wien
72%
Island Reykjavik
70%
San Marino San Marino
69%
Ungern Budapest
68%
Belarus Minsk
65%
Albanien Tirana
65%
Kroatien Zagreb
63%
Litauen Vilnius
62%
Rumänien Bukarest
60%
Bosnien Sarajevo
59%
Serbien Belgrad
50%
Slovakien Bratislava
48%
Nordmakedonien Skopje
48%
Malta Valletta
48%
Andorra Andorra la Vella
47%
Polen Warszawa
45%
Liechtenstein Vaduz
44%
Kosovo Pristina
43%
Slovenien Ljubljana
42%
Moldavien Chişinău
38%
Montenegro Podgorica
31%
Vatikanstaten Vatikanstaden
26%
No matching quizzes found
Score Distribution
Percent of People with Each Score
Percentile by Number Answered
Your Score History
You have not taken this quiz